| 000 | 00363nam a22001457a 4500 | ||
|---|---|---|---|
| 008 | 140321t xxu||||| |||| 00| 0 eng d | ||
| 020 | _a0-89603-969-2 | ||
| 100 |
_aBing-yuan chen _9806 |
||
| 240 | _aMethods in Molecular biology | ||
| 245 | _aPCR Cloning protocols | ||
| 250 | _asecond edition | ||
| 300 | _a438 p. | ||
| 440 |
_vvolume 192 _9807 |
||
| 942 |
_2ddc _cBK |
||
| 999 |
_c17056 _d17056 |
||